000 00623nam a2200145 a 4500
008 211208s2010 ||||||||||||||||| || u
020 _a9781349325672
050 _aHG 181 Moo
100 _aMoosa, Imad A
245 1 4 _aThe Myth of too big to fail
_cBy Imad A. Moosa
260 _aUnited Kingdom
_bPalgrave Macmillan
_c2010
300 _axvi, 223 pages: illustrations
650 _aFINANCIAL INSTITUTIONS--GOVERNMANT POLICY--UNITED STATES--HISTORY--21ST CENTURY
995 _FCBU-MAIN LIBRARY (Kitwe)
_I116.42
_M1
_UAVAILABLE
_WDec 8, 2021
_ZMain Library Open Access Collection
999 _c51860
_d51860